000 01859nam0a2200313 i 4500
001 RU\NLR\BIBL_A\010864613
005 20240921143352.0
021 _aRU
_b2015-71351
_94272
035 _a(NILC)RuMoRGB-008021212
035 _a(NLR Aleph) 010864613
090 _a10438307
_c10438307
100 _a20151020d2015 um y0rusy50 ca
101 0 _arus
102 _aRU
105 _aa|||j|||000yy
200 1 _aРешение практических задач по фармакопейному анализу лекарственных средств
_eучебное пособие
_e[для студентов фармацевтического факультета]
_fНижегородская гос. мед. акад., Каф. фармацевтической химии и фармакогнозии
_g[сост.: д.х.н., проф. Н. Б. Мельникова, к.х.н., доц. О. Е. Жильцова]
210 _aНижний Новгород
_cИзд-во НижГМА
_d2015
215 _a96 с.
_cил., табл.
_d20
320 _aБиблиогр.: с. 96
606 1 _aФармацевтические препараты
_jУчебные издания для высших учебных заведений
_xАнализ
_9969621
_3RU\NLR\AUTH\6644614
686 1 _aЛ66-1с4я73-1
702 1 _4220
_aМельникова
_bН. Б.
_cд-р хим. наук, фармакология
_gНина Борисовна
_9153274
_3RU\NLR\AUTH\770153312
712 0 2 _4570
_aНижегородская государственная медицинская академия
_bКафедра фармацевтической химии и фармакогнозии
_9488169
_3RU\NLR\AUTH\880411314
801 0 _aRU
_bРГБ
_c20150915
_gRCR
801 2 _aRU
_bРГБ
_c20150921
_grcr
942 _cBOOK
980 _aNBR